[Event "II American Continental"]
[Site "Buenos Aires ARG"]
[Date "2003.08.28"]
[Round "10"]
[White "Zarnicki,P"]
[Black "Lugo,B"]
[Result "0-1"]
[WhiteElo "2530"]
[BlackElo "2416"]

1.e4 e5 2.Nf3 Nc6 3.Bb5 a6 4.Ba4 Nf6 5.O-O b5 6.Bb3 Bb7 7.d3 Bc5 8.a4 d6
9.Nc3 b4 10.Nd5 Na5 11.Nxf6+ Qxf6 12.Ba2 Bc8 13.c3 Bg4 14.Be3 Bxf3 15.Qxf3 Qxf3
16.gxf3 b3 17.d4 bxa2 18.dxc5 dxc5 19.b4 Nb3 20.Rxa2 c4 21.Rd1 Rd8 22.Rxd8+ Kxd8
23.f4 exf4 24.Bxf4 Kc8 25.Re2 Rd8 26.e5 Rd3 27.e6 fxe6 28.Rxe6 Rxc3 29.Rxa6 Nd4
30.Kg2 Kb7 31.b5 Rd3 32.Be5 c3 33.Bxd4 Rxd4 34.Rc6 Rxa4 35.Rxc3 Rg4+ 36.Kf3 Rg5
37.Kf4 Rxb5 38.Rh3 h6 39.Re3 Rh5 40.h3 Kb6 41.Re7 g5+ 42.Kg3 c5 43.f4 gxf4+
44.Kg4 Rg5+ 45.Kxf4 Rg6 46.Ke5 Kb5 47.h4 Rg4  0-1

[Event "Open"]
[Site "Sharjah UAE"]
[Date "2003.09.01"]
[Round "6"]
[White "Sadatnajafi,M"]
[Black "Shukurova,M"]
[Result "0-1"]
[WhiteElo "2223"]
[BlackElo "2244"]

1.e4 e5 2.Nf3 Nc6 3.Bb5 a6 4.Ba4 Nf6 5.O-O b5 6.Bb3 Bb7 7.c3 Nxe4 8.d4 Na5
9.Bc2 exd4 10.Re1 d5 11.Nxd4 c5 12.Nf5 Qf6 13.Qg4 h5 14.Qh3 g6 15.Bxe4 dxe4
16.Ng3 Be7 17.Nxe4 Bxe4 18.Rxe4 O-O 19.Bh6 Rfd8 20.Nd2 Nc6 21.Nf3 Qd6 22.Rae1 Bf6
23.Bg5 Bxg5 24.Nxg5 Qd5 25.Qe3 Qxa2 26.Rf4 Ra7 27.Qxc5 Qd5 28.Qxd5 Rxd5 29.h4 Ne5
30.Rfe4 f6 31.Ne6 Kf7 32.Nd4 Rc7 33.Ra1 Rd6 34.f3 Nd3 35.Ra2 b4 36.cxb4 f5
37.Re3 Rxd4  0-1

[Event "Open"]
[Site "Sharjah UAE"]
[Date "2003.09.03"]
[Round "8"]
[White "Yousif,A"]
[Black "Rause,O"]
[Result "0-1"]
[WhiteElo "2180"]
[BlackElo "2222"]

1.e4 e5 2.Nf3 Nc6 3.Bb5 a6 4.Ba4 Nf6 5.O-O b5 6.Bb3 Bb7 7.Ng5 d5 8.exd5 Nd4
9.c4 Bd6 10.d3 O-O 11.Nc3 c6 12.dxc6 Bxc6 13.Nce4 h6 14.Nxf6+ Qxf6 15.Ne4 Qg6
16.f3 Be7 17.Be3 Rfd8 18.Bxd4 Rxd4 19.Qe2 Rad8 20.Rad1 Kh8 21.Bc2 f5 22.Ng3 Bc5
23.Kh1 Rh4 24.Qe1 Rdd4 25.h3 Bd6 26.Kh2 bxc4 27.dxc4 Rxd1 28.Bxd1 e4 29.c5 Bc7
30.fxe4 Rxe4 31.Qc3 Rc4 32.Qxc4 Qxg3+  0-1

[Event "Open"]
[Site "Sharjah UAE"]
[Date "2003.09.03"]
[Round "8"]
[White "El Taher,F"]
[Black "Shukurova,M"]
[Result "1/2-1/2"]
[WhiteElo "2505"]
[BlackElo "2244"]

1.e4 e5 2.Nf3 Nc6 3.Bb5 a6 4.Ba4 Nf6 5.O-O b5 6.Bb3 Bb7 7.Re1 Bc5 8.c3 d6
9.d4 Bb6 10.Be3 O-O 11.Nbd2 h6 12.dxe5 dxe5 13.Bxb6 cxb6 14.Qe2 Qc7 15.Nf1 Na5
16.Bc2 Nc4 17.Bd3 Rad8 18.Rad1 Rfe8 19.Ng3 Nd6 20.h3 Qc5 21.Nh2 Bc8 22.Ng4 Nxg4
23.hxg4 g6 24.Nf1 Be6 25.Ne3 Nc4 26.b4 Qc8 27.Nd5 Bxd5 28.exd5 Nd6 29.Qe3 Qxg4
30.Qxb6 Qc8 31.a4 e4 32.Bf1 Qxc3 33.Qxa6 e3 34.fxe3 bxa4 35.Qxa4  1/2-1/2

[Event "56th ch-RUS"]
[Site "Krasnoyarsk RUS"]
[Date "2003.09.06"]
[Round "4"]
[White "Dolmatov,S"]
[Black "Saveljev,V"]
[Result "1-0"]
[WhiteElo "2605"]
[BlackElo "2333"]

1.e4 e5 2.Nf3 Nc6 3.Bb5 a6 4.Ba4 Nf6 5.O-O b5 6.Bb3 Bb7 7.d3 Bd6 8.c3 O-O
9.Nbd2 h6 10.Re1 Re8 11.Nf1 Bf8 12.Ng3 Na5 13.Bc2 c5 14.d4 d6 15.b3 cxd4
16.cxd4 exd4 17.Bb2 g6 18.Nxd4 Nc6 19.Nxc6 Bxc6 20.Qd2 Bg7 21.Rad1 Re6 22.f3 Qb6+
23.Bd4 Qb7 24.b4 Rd8 25.Bb3 d5 26.Qb2 Rde8 27.Re2 h5 28.Rf2 h4 29.Ne2 dxe4
30.Bxe6 Rxe6 31.fxe4 Nxe4 32.Bxg7 Nxf2 33.Kxf2 f6 34.Bxf6 Qf7 35.Rd8+ Be8  1-0

[Event "Polish Extraleague"]
[Site "Lubniewice POL"]
[Date "2003.09.07"]
[Round "9"]
[White "Gdanski,J"]
[Black "Nurkiewicz,M"]
[Result "1-0"]
[WhiteElo "2520"]
[BlackElo "2363"]

1.e4 e5 2.Nf3 Nc6 3.Bb5 a6 4.Ba4 Nf6 5.O-O b5 6.Bb3 Bb7 7.d3 Be7 8.Nc3 O-O
9.Re1 d6 10.a4 Na5 11.Ba2 b4 12.Ne2 c5 13.Ng3 Bc8 14.Bg5 Be6 15.Bxe6 fxe6
16.c3 Rb8 17.d4 bxc3 18.bxc3 exd4 19.cxd4 Nd7 20.Bxe7 Qxe7 21.d5 e5 22.Nf5 Qf6
23.h4 Nb3 24.Ra3 Nd4 25.N3xd4 exd4 26.Rg3 Rf7 27.f4 Nb6 28.Rg5 Kh8 29.e5 dxe5
30.fxe5 Qd8 31.e6 Rxf5 32.e7  1-0

[Event "ch-Nordic"]
[Site "Aarhus DEN"]
[Date "2003.09.17"]
[Round "11"]
[White "Kallio,H"]
[Black "Hector,J"]
[Result "1-0"]
[WhiteElo "2471"]
[BlackElo "2538"]

1.e4 e5 2.Nf3 Nc6 3.Bb5 a6 4.Ba4 Nf6 5.O-O b5 6.Bb3 Bb7 7.Re1 Bc5 8.c3 d6
9.d4 Bb6 10.Be3 O-O 11.h3 Na5 12.d5 Bxe3 13.Rxe3 g6 14.Nbd2 Nxb3 15.axb3 Nh5
16.c4 Nf4 17.Ne1 f5 18.Nd3 c6 19.Nxf4 exf4 20.Rd3 fxe4 21.Nxe4 cxd5 22.cxd5 Qe7
23.f3 b4 24.Qd2 a5 25.Rd4 Rf5 26.Re1 Re5 27.Qxf4 Rf8 28.Qd2 Rff5 29.f4 Rxd5
30.Rxd5 Rxd5 31.Qf2 Qf8 32.Qh4 Rf5 33.Ng5 h6 34.Ne6 Qf6 35.Qf2 Bd5 36.g4 Bxe6
37.gxf5 Qxf5 38.Qe3 Bf7 39.Re2 h5 40.Kh2 h4 41.Rd2 Qb1 42.Qe7 Bxb3 43.Qd8+ Kg7
44.Qxd6 Qe1 45.Qd4+ Kf7 46.Rg2 Be6 47.Qa7+ Ke8 48.Qb8+ Kf7 49.Qc7+ Ke8 50.Rxg6 Qe2+
51.Rg2 Qe3 52.Qb8+ Kd7 53.Rg7+ Kc6 54.Qb7+ Kd6 55.Qc7+ Kd5 56.Rg5+  1-0

[Event "ch-IRI"]
[Site "Mashad IRI"]
[Date "2003.09.26"]
[Round "4"]
[White "Moradi,B"]
[Black "Moradiabadi,E"]
[Result "1/2-1/2"]
[WhiteElo "2220"]
[BlackElo "2354"]

1.e4 e5 2.Nf3 Nc6 3.Bb5 a6 4.Ba4 Nf6 5.O-O b5 6.Bb3 Bb7 7.Re1 Bc5 8.c3 d6
9.d4 Bb6 10.a4 h6 11.axb5 axb5 12.Rxa8 Qxa8 13.Na3 O-O 14.Nxb5 exd4 15.cxd4 Na5
16.Bc2 Nxe4 17.b4 Nc4 18.Qd3 d5 19.Bf4 Qc8 20.Nc3 Re8 21.Na4 Ba6 22.Qd1 Na3
23.Bxe4 Rxe4 24.Rxe4 dxe4 25.Ne5 Nb5 26.Be3 Qe6 27.Nxb6 cxb6 28.Qc2 f6 29.Qc4 Qxc4
30.Nxc4  1/2-1/2

[Event "ch-Africa"]
[Site "Abuja NGR"]
[Date "2003.10.17"]
[Round "9"]
[White "Bouah,L"]
[Black "Lungu,M"]
[Result "1/2-1/2"]
[WhiteElo "2175"]
[BlackElo "2295"]

1.e4 e5 2.Nf3 Nc6 3.Bb5 a6 4.Ba4 Nf6 5.O-O b5 6.Bb3 Bb7 7.d3 Bc5 8.c3 d6
9.h3 O-O 10.Re1 Ne7 11.Nbd2 Ng6 12.Nf1 Bc8 13.a4 Rb8 14.Ng3 h6 15.d4 Bb6
16.Be3 Bb7 17.axb5 exd4 18.Bxd4 Bxd4 19.cxd4 axb5 20.Qd3 c5 21.Qd2 Re8 22.Bc2 Ra8
23.d5 b4 24.Rxa8  1/2-1/2

[Event "300 Years"]
[Site "St Petersburg RUS"]
[Date "2003.10.20"]
[Round "3"]
[White "Solovjov,S"]
[Black "Reutsky,S"]
[Result "1-0"]
[WhiteElo "2434"]
[BlackElo "2341"]

1.e4 e5 2.Nf3 Nc6 3.Bb5 a6 4.Ba4 Nf6 5.O-O b5 6.Bb3 Bb7 7.Re1 Bc5 8.c3 d6
9.d4 Bb6 10.a4 O-O 11.Bg5 h6 12.Bh4 g5 13.axb5 axb5 14.Rxa8 Bxa8 15.Bg3 Qe7
16.Na3 Kg7 17.Nc2 Nxe4 18.Rxe4 f5 19.Re1 f4 20.Ne3 fxe3 21.Rxe3 Qd7 22.Bc2 Ne7
23.Nxe5 dxe5 24.Bxe5+ Kg8 25.Qh5 Qc6 26.Rg3 Rf7 27.Bb3 Nd5 28.Rxg5+ Kf8 29.Bxd5 Qxd5
30.Bg7+  1-0

[Event "300 Years Women"]
[Site "St Petersburg RUS"]
[Date "2003.10.21"]
[Round "4"]
[White "Kochetkova,J"]
[Black "Ubiennykh,E"]
[Result "1/2-1/2"]
[WhiteElo "2289"]
[BlackElo "2317"]

1.e4 e5 2.Nf3 Nc6 3.Bb5 a6 4.Ba4 Nf6 5.O-O b5 6.Bb3 Bb7 7.Re1 Bc5 8.c3 d6
9.d4 Bb6 10.a4 O-O 11.axb5 axb5 12.Rxa8 Qxa8 13.d5 Ne7 14.Bg5 Ng6 15.Nh4 Nd7
16.Nf5 Nc5 17.Bc2 Qa1 18.Qh5 Qxb2 19.Qh6 gxh6  1/2-1/2

[Event "300 Years Women"]
[Site "St Petersburg RUS"]
[Date "2003.10.24"]
[Round "7"]
[White "Zozulia,A"]
[Black "Miednikova,S"]
[Result "1-0"]
[WhiteElo "2332"]
[BlackElo "2153"]

1.e4 e5 2.Nf3 Nc6 3.Bb5 a6 4.Ba4 Nf6 5.O-O b5 6.Bb3 Bb7 7.Re1 Bc5 8.c3 d6
9.d4 Bb6 10.a4 O-O 11.Bg5 h6 12.Bh4 Qe7 13.Bd5 Rab8 14.axb5 axb5 15.Na3 Na7
16.Bxb7 Rxb7 17.dxe5 dxe5 18.Bxf6 Qxf6 19.Qd5 Nc6 20.Nxb5 Rd8 21.Qc4 g5 22.Re2 Ne7
23.Ne1 c6 24.Na3 Rbd7 25.Qb3 Bc5 26.Nc4 Ng6 27.g3 h5 28.Ra5 Qe7 29.Qa4 Rc7
30.b4 Bd6 31.Ne3 Qf6 32.Ra8 Bf8 33.Nf5 Rcd7 34.Rxd8 Rxd8 35.Nf3 g4 36.Nd2 h4
37.Nc4 hxg3 38.hxg3 Ne7 39.Nce3 Bh6 40.Nxe7+ Qxe7  1-0

[Event "LXVIII ch-ESP Abierto"]
[Site "Burgos ESP"]
[Date "2003.10.25"]
[Round "2"]
[White "Ruiz Jimenez,F"]
[Black "Iruzubieta,J"]
[Result "0-1"]
[WhiteElo "2235"]
[BlackElo "2422"]

1.e4 e5 2.Nf3 Nc6 3.Bb5 a6 4.Ba4 Nf6 5.O-O b5 6.Bb3 Bb7 7.c3 Nxe4 8.Re1 Nc5
9.Nxe5 Nxe5 10.Rxe5+ Ne6 11.d4 Bd6 12.Re1 Qh4 13.h3 O-O 14.Qg4 Qxg4 15.hxg4 Rae8
16.Bxe6 Rxe6 17.Rxe6 fxe6 18.Be3 e5 19.Nd2 exd4 20.Bxd4 Re8 21.Be3 Bd5 22.Nb3 Re4
23.g5 Rg4 24.g3 Ra4 25.Nc1 a5 26.f4 Be6 27.Kf2 b4 28.c4 b3 29.Nxb3 Rxc4 30.Nd4 Bf7
31.b3 Rb4 32.Rc1 g6 33.Rc3 a4 34.Rd3 Kf8 35.Ke2 Ke8 36.Bd2 Rb8 37.bxa4 Bc4  0-1

[Event "KO Rapid"]
[Site "Cap D'Agde FRA"]
[Date "2003.10.28"]
[Round "1.2"]
[White "Topalov,V"]
[Black "Svidler,P"]
[Result "0-1"]
[WhiteElo "2735"]
[BlackElo "2723"]

1.e4 e5 2.Nf3 Nc6 3.Bb5 a6 4.Ba4 Nf6 5.O-O b5 6.Bb3 Bb7 7.d3 Be7 8.a4 O-O
9.Re1 h6 10.c3 b4 11.Nbd2 d5 12.exd5 Nxd5 13.Ne4 Kh8 14.d4 exd4 15.cxd4 Nf6
16.Ng3 Bd6 17.Ne5 Bxe5 18.dxe5 Qxd1 19.Bxd1 Nd5 20.f4 f5 21.Bd2 Nd4 22.Ne2 Ne6
23.Rc1 a5 24.Bb3 Rad8 25.Kf2 c5 26.Be3 Nxe3 27.Kxe3 Bd5 28.Bxd5 Rxd5 29.Red1 Rfd8
30.Rxd5 Rxd5 31.h4 h5 32.Ng3 g6 33.Nf1 Rd4 34.g3 c4 35.Ke2 Re4+ 36.Ne3 c3
37.bxc3 b3 38.c4 Nc5 39.Rd1 Nxa4 40.Rd8+ Kg7 41.Kd2 Nc5 42.Rc8 Rd4+ 43.Kc1 Nd3+
44.Kb1 Re4 45.Rc7+ Kf8 46.Rc8+ Kf7  0-1

[Event "1st Chesspangenberg Open"]
[Site "Buenos Aires ARG"]
[Date "2003.11.05"]
[Round "2"]
[White "Zarnicki,P"]
[Black "Rodi,L"]
[Result "1/2-1/2"]
[WhiteElo "2513"]
[BlackElo "2243"]

1.e4 e5 2.Nf3 Nc6 3.Bb5 a6 4.Ba4 Nf6 5.O-O b5 6.Bb3 Bb7 7.d3 Bc5 8.Be3 d6
9.Bxc5 dxc5 10.c3 Qd6 11.Qe2 O-O 12.Nbd2 Bc8 13.Rfe1 Be6 14.Bc2 Rad8 15.Rad1 Nh5
16.Qe3 Nf4 17.Nb3 Bh3 18.Nh4 Qf6 19.g3 c4 20.dxc4 bxc4 21.Nc5 Bg4 22.f3 Bh3
23.Rxd8 Rxd8 24.Rd1 Rxd1+ 25.Bxd1 Ne7 26.Bc2 g5 27.Nf5 Bxf5 28.exf5 Ned5
29.Ne4 Nh3+ 30.Kh1 Nxe3 31.Nxf6+ Kg7 32.Ne8+ Kf8 33.Ba4 Nf2+ 34.Kg1 Nh3+
35.Kh1 Nf2+  1/2-1/2

[Event "ch-IND A Women"]
[Site "Calicut IND"]
[Date "2003.11.10"]
[Round "3"]
[White "Pratibha,Y"]
[Black "Krutika,N"]
[Result "1-0"]
[WhiteElo "2231"]
[BlackElo "2150"]

1.e4 e5 2.Nf3 Nc6 3.Bb5 a6 4.Ba4 Nf6 5.O-O b5 6.Bb3 Bb7 7.c3 Nxe4 8.d4 Na5
9.Bc2 exd4 10.Re1 d5 11.Nxd4 Bd6 12.Nf5 O-O 13.Qg4 g6 14.Bxe4 dxe4 15.Nxd6 Qxd6
16.Bf4 Qe7 17.Nd2 f5 18.Qg3 Rac8 19.h4 Qf7 20.b4 Nc6 21.Nb3 Nd8 22.Nc5 Bd5
23.a4 c6 24.axb5 axb5 25.Ra3 Ne6 26.Nxe6 Bxe6 27.Rea1 Rfd8 28.Be5 Bb3 29.Ra7 Rd7
30.Rxd7 Qxd7 31.Bd4 Qc7 32.Qg5 Qd8 33.Qh6 Qf8 34.Qf4 Ra8 35.Rxa8 Qxa8 36.Qe5 Qf8
37.Qh8+ Kf7 38.Qxh7+ Ke6 39.Qxg6+ Kd7 40.Bc5 Qf7 41.Qd6+ Kc8 42.Qxc6+ Qc7
43.Qxb5  1-0

[Event "TCh-SWE 2003-4"]
[Site "Malmo SWE"]
[Date "2003.11.10"]
[Round "2"]
[White "Hellers,F"]
[Black "Furhoff,J"]
[Result "1-0"]
[WhiteElo "2605"]
[BlackElo "2338"]

1.e4 e5 2.Nf3 Nc6 3.Bb5 a6 4.Ba4 Nf6 5.O-O b5 6.Bb3 Bb7 7.d3 Bd6 8.a4 Na5
9.Ba2 b4 10.Nbd2 O-O 11.Re1 c5 12.Nf1 h6 13.Nh4 Re8 14.Nf5 Bf8 15.f4 d5 16.fxe5 Rxe5
17.Bf4 Re6 18.e5 Nh7 19.N1e3 Rg6 20.Bg3 b3 21.cxb3 Nc6 22.Nd6 Bxd6 23.exd6 Qg5
24.Rc1 Re8 25.Qd2 Nd4 26.Nf1 Ne2+ 27.Rxe2 Rxe2 28.Qxe2 Qxc1 29.d7  1-0

[Event "1st Chesspangenberg Open"]
[Site "Buenos Aires ARG"]
[Date "2003.11.11"]
[Round "7"]
[White "Pierrot,F"]
[Black "Zarnicki,P"]
[Result "1/2-1/2"]
[WhiteElo "2433"]
[BlackElo "2513"]

1.e4 e5 2.Nf3 Nc6 3.Bb5 a6 4.Ba4 Nf6 5.O-O b5 6.Bb3 Bb7 7.c3 Nxe4 8.d4 Na5
9.Nxe5 Nxb3 10.Qxb3 Nd6 11.c4 bxc4 12.Nxc4 Nxc4 13.Qxb7 Be7 14.Bf4 O-O 15.Nc3 Bd6
16.Bxd6 Nxd6 17.Qf3 Re8 18.Rac1 Rb8  1/2-1/2

[Event "TCh-SWE 2003-4"]
[Site "Malmo SWE"]
[Date "2003.11.11"]
[Round "3"]
[White "Hall,Je"]
[Black "Agrest,E"]
[Result "1-0"]
[WhiteElo "2487"]
[BlackElo "2605"]

1.e4 e5 2.Nf3 Nc6 3.Bb5 a6 4.Ba4 Nf6 5.O-O b5 6.Bb3 Bb7 7.d3 Bd6 8.c3 O-O
9.a4 Na5 10.Ba2 c5 11.Bg5 h6 12.Bh4 Re8 13.axb5 axb5 14.Na3 b4 15.Nc4 Nxc4
16.Bxc4 Rxa1 17.Qxa1 g5 18.Bg3 Bb8 19.Re1 Kg7 20.Qa2 Qe7 21.Nd2 h5 22.f3 h4
23.Bf2 h3 24.g4 Rd8 25.Nf1 d5 26.Ne3 Qe6 27.exd5 Nxd5 28.Nf5+ Kh7 29.d4 cxd4
30.cxd4 Qf6 31.Qb1 Qg6 32.dxe5 Nf4 33.Bxf7 Qxf7 34.Nd6+ Qg6 35.Qxg6+ Kxg6
36.Nxb7 Re8 37.Nd6 Re6 38.Nc4 Nd5 39.Re4 Ra6 40.Kf1 Ra1+ 41.Ke2 Nf4+ 42.Kd2 Rf1
43.Bg3 Rxf3 44.Re3 Rxe3 45.Kxe3 Ba7+ 46.Kf3 Bg1 47.Nd2 Bd4 48.Bxf4 gxf4 49.b3 Bg1
50.Ne4 Bxh2 51.Nf2 Kf7 52.Nxh3 Ke6 53.Ke4 f3  1-0

[Event "ch-IND A Women"]
[Site "Calicut IND"]
[Date "2003.11.14"]
[Round "9"]
[White "Ramaswamy,A"]
[Black "Krutika,N"]
[Result "0-1"]
[WhiteElo "2322"]
[BlackElo "2150"]

1.e4 e5 2.Nf3 Nc6 3.Bb5 a6 4.Ba4 Nf6 5.O-O b5 6.Bb3 Bb7 7.d3 Bc5 8.Nc3 d6
9.a4 b4 10.Nd5 Na5 11.Ba2 b3 12.Nxf6+ Qxf6 13.cxb3 Nc6 14.Be3 Bxe3 15.fxe3 Nb4
16.Qd2 a5 17.Bb1 O-O 18.Bc2 Qe7 19.Rf2 Rab8 20.Raf1 Ba6 21.Bb1 Rb6 22.Qd1 Rfb8
23.Ne1 Qe6 24.Qh5 Rf8 25.Rf3 Rc6 26.Rh3 Qg6 27.Qd1 Qe6 28.Nf3 f6 29.Rg3 Rf7
30.Nh4 Kf8 31.Rf2 g6 32.Rgf3 Ke7 33.Rf1 Rb6 34.R3f2 Rf8 35.Nf3 Rfb8 36.Ne1 Nc6
37.Bc2 Nb4 38.Bb1 Nc6 39.Qc1 Rf8 40.Bc2 Nb4 41.Bd1 c6 42.Qc3 c5 43.Rf3 Nc6
44.Qd2 Nb4 45.R1f2 Nc6 46.Rf1 Nb4 47.R3f2 Nc6 48.Qc3 Nb4 49.Rd2 Nc6 50.Nf3 Rfb8
51.Ne1 Rf8 52.Rdf2 Nb4 53.Be2 Nc6 54.d4 cxd4 55.exd4 exd4 56.Qc1 Bxe2 57.Rxe2 Qxb3
58.Rc2 Kd7 59.Qd2 Qe3+ 60.Qxe3 dxe3 61.Rf3 Nd4 62.Rh3 Nxc2 63.Rxh7+ Ke8 64.Nxc2 e2
65.Kf2 Rxb2 66.Ne3 Rb4 67.Kxe2 Rxe4 68.Ra7 Rxa4 69.Nd5 Ra2+ 70.Kf3 g5 71.Kg4 Rf7
72.Ra8+ Kd7 73.Kf5 Kc6 74.Ke6 Rh7 75.Rc8+ Kb7 76.Rc3 a4 77.Rc4 a3 78.Rb4+ Kc6
79.Ra4 Re2+  0-1

[Event "ch-IND A Women"]
[Site "Calicut IND"]
[Date "2003.11.17"]
[Round "14"]
[White "Swathi,G"]
[Black "Krutika,N"]
[Result "1-0"]
[WhiteElo "2309"]
[BlackElo "2150"]

1.e4 e5 2.Nf3 Nc6 3.Bb5 a6 4.Ba4 Nf6 5.O-O b5 6.Bb3 Bb7 7.Re1 Bc5 8.c3 d6
9.d4 Bb6 10.Be3 O-O 11.Nbd2 h6 12.h3 exd4 13.cxd4 Nb4 14.Qb1 c5 15.a3 Nc6
16.dxc5 dxc5 17.e5 Nd5 18.Ne4 Nxe3 19.Nf6+ Qxf6 20.exf6 c4 21.fxg7 Kxg7 22.fxe3 cxb3
23.Qf5 Rfe8 24.Qg4+ Kh7 25.Qf4 Kg7 26.Nh4 Ne7 27.Rf1 f5 28.Qe5+  1-0

[Event "Fakel Jamala"]
[Site "Noyabrsk RUS"]
[Date "2003.11.18"]
[Round "1"]
[White "Itkis,B"]
[Black "Potapov,A1"]
[Result "0-1"]
[WhiteElo "2476"]
[BlackElo "2513"]

1.e4 e5 2.Nf3 Nc6 3.Bb5 a6 4.Ba4 Nf6 5.O-O b5 6.Bb3 Bb7 7.Re1 Bc5 8.c3 d6
9.d4 Bb6 10.Be3 h6 11.h3 O-O 12.Nbd2 Nd7 13.Nf1 Ne7 14.Ng3 Ng6 15.Qd2 Nh4
16.Nxh4 Qxh4 17.Rad1 Rad8 18.d5 g6 19.Bxb6 Nxb6 20.Bc2 Kg7 21.Kh2 Rde8 22.b3 Bc8
23.c4 bxc4 24.bxc4 Qf4 25.Bd3 Qxd2 26.Rxd2 Na4 27.Bc2 Nc5 28.Ne2 Bd7 29.Nc3 Rb8
30.Rb1 Rxb1 31.Bxb1 Rb8 32.Bd3 Nxd3 33.Rxd3 Rb4 34.c5 dxc5 35.Re3 Kf6 36.g3 Ke7
37.f4 Rb2+ 38.Re2 Rxe2+ 39.Nxe2 Kd6 40.Kg2 c6 41.Nc3 cxd5 42.exd5 exf4  0-1

[Event "Fakel Jamala"]
[Site "Noyabrsk RUS"]
[Date "2003.11.22"]
[Round "5"]
[White "Farakhov,R"]
[Black "Potapov,A1"]
[Result "0-1"]
[WhiteElo "2383"]
[BlackElo "2513"]

1.e4 e5 2.Nf3 Nc6 3.Bb5 a6 4.Ba4 Nf6 5.O-O b5 6.Bb3 Bb7 7.d3 Bd6 8.c3 O-O
9.Nbd2 h6 10.Re1 Re8 11.Nf1 Bf8 12.Ng3 Na5 13.Bc2 c5 14.d4 d5 15.Nxe5 dxe4
16.a3 cxd4 17.cxd4 Rc8 18.Be3 Nc4 19.Nxc4 bxc4 20.Rc1 Qd5 21.Bb1 Qb5 22.Qd2 Bd6
23.Nf1 Nd5 24.Ba2 Kh7 25.Qe2 c3 26.Qxb5 axb5 27.Bxd5 Bxd5 28.Rxc3 Rxc3 29.bxc3 Bxa3
30.Bd2 Bc4 31.Ng3 Ra8 32.Nxe4 Bd3 33.Nc5 Bc4 34.h3 Rd8 35.Ne4 f5 36.Ng3 Bd3
37.Ne2 g5 38.Nc1 Be4 39.f4 Kg6 40.Kf2 b4 41.cxb4 Rxd4 42.Be3 Rc4 43.Bd2 Rd4
44.Be3 Rd7 45.Bc5 Rd2+ 46.Ne2 Rb2 47.Ke3 Bxb4 48.Bxb4 Rxb4 49.fxg5 hxg5 50.Rc1 Bd5
51.g3 Bg2 52.h4 f4+ 53.gxf4 gxh4 54.Kf2 Bb7 55.Rg1+ Kf6 56.Rg4 h3 57.Rh4 Rb3
58.Ng1 Rb2+ 59.Kg3 Rg2+ 60.Kxh3 Rxg1  0-1

[Event "Fakel Jamala"]
[Site "Noyabrsk RUS"]
[Date "2003.11.24"]
[Round "7"]
[White "Brodsky,M"]
[Black "Potapov,A1"]
[Result "1/2-1/2"]
[WhiteElo "2559"]
[BlackElo "2513"]

1.e4 e5 2.Nf3 Nc6 3.Bb5 a6 4.Ba4 Nf6 5.O-O b5 6.Bb3 Bb7 7.d3 Bd6 8.c3 O-O
9.Nbd2 h6 10.a3 Re8 11.Nh4 Bf8 12.Ng6 Bc5 13.Nf3 d5 14.exd5  1/2-1/2

[Event "VIII Mirko Srajber Mem"]
[Site "Subotica SCG"]
[Date "2003.12.05"]
[Round "8"]
[White "Colovic,A"]
[Black "Sedlak,N"]
[Result "1/2-1/2"]
[WhiteElo "2412"]
[BlackElo "2543"]

1.e4 e5 2.Nf3 Nc6 3.Bb5 a6 4.Ba4 Nf6 5.O-O b5 6.Bb3 Bb7 7.c3 Nxe4 8.d4 Na5
9.Nxe5 Nxb3 10.Qxb3 Nd6 11.c4 bxc4 12.Nxc4 Nxc4 13.Qxb7 Be7 14.Nd2 Nd6 15.Qf3 O-O
16.Nb3 Bf6 17.Bf4 Nc4 18.Qc3 d5 19.Nc5 Nd6 20.Be5 Re8 21.Rfe1 Nb5 22.Qd3 c6
23.a4 Nc7 24.Nb7 Qe7 25.Nd6 Rf8 26.Nf5 Qd8 27.Bd6 Re8 28.Qg3 Qd7 29.Nxg7 Bxg7
30.Bxc7 Kh8 31.Be5 f6 32.Bd6 Qf5 33.Be7 Qd7 34.Qd6 Qxd6 35.Bxd6 Rad8 36.f3 Kg8
37.Rxe8+ Rxe8 38.Kf2 Bh6 39.Re1 Rxe1 40.Kxe1 Be3 41.Bc5 Kf7 42.Ke2 Bc1 43.b3 Kg6
44.Bb4 Bf4 45.h3 f5 46.g4 Bg3 47.Be1 Bd6 48.Bd2 Bc7 49.Be3 Bd6 50.Kd3 Be7
51.Kc3 Bd6 52.Bd2 h5 53.Be3 Bf8 54.Bf4 Be7 55.Kd3 Bh4 56.Ke3 Bd8 57.Be5 Bg5+
58.f4 Bd8 59.Kf3 Be7 60.Kg3 Bd8 61.Kf3 Be7 62.g5 Bb4 63.Ke2 Kf7 64.Kd3 Kg6
65.Bc7 Kf7 66.Bb6 Bd6 67.Ke3 Kg6 68.Bc5 Bc7 69.Bb4 Kf7 70.Bc3 Kg6 71.Bd2 Kf7
72.Kd3  1/2-1/2

[Event "22nd SEA Games Standard"]
[Site "Ho Chi Minh City VIE"]
[Date "2003.12.09"]
[Round "2"]
[White "Megaranto,S"]
[Black "Nguyen Anh Dung"]
[Result "1-0"]
[WhiteElo "2437"]
[BlackElo "2540"]

1.e4 e5 2.Nf3 Nc6 3.Bb5 a6 4.Ba4 Nf6 5.O-O b5 6.Bb3 Bb7 7.Re1 Bc5 8.c3 d6
9.d4 Bb6 10.a4 O-O 11.axb5 axb5 12.Rxa8 Qxa8 13.Bg5 Nd7 14.Na3 exd4 15.cxd4 Na5
16.Bc2 b4 17.Nb1 Re8 18.Nbd2 h6 19.Bh4 Nf8 20.Ba4 Rc8 21.d5 Qa7 22.Bg3 Ng6
23.h4 f6 24.Bd7 Rf8 25.Be6+ Kh8 26.h5 Ne7 27.Nh4 Bd4 28.Qg4 Bxb2 29.Bf4 Be5
30.Bxh6 f5 31.Qg5 Re8 32.Bf7 Qa8 33.Ng6+ Nxg6 34.hxg6 Rf8 35.Qh5 Rxf7 36.Bg5+ Kg8
37.Qh7+  1-0

[Event "It Resort and Casino"]
[Site "Decameron DOM"]
[Date "2003.12.10"]
[Round "8"]
[White "Alvarado,N"]
[Black "Lugo,B"]
[Result "0-1"]
[WhiteElo "2318"]
[BlackElo "2418"]

1.e4 e5 2.Nf3 Nc6 3.Bb5 a6 4.Ba4 Nf6 5.O-O b5 6.Bb3 Bb7 7.Re1 Bc5 8.c3 d6
9.d4 Bb6 10.Bg5 h6 11.Bh4 Qe7 12.Bd5 g5 13.Bg3 O-O-O 14.Nbd2 h5 15.Bxc6 Bxc6
16.dxe5 dxe5 17.Bxe5 g4 18.Nd4 Qxe5 19.Nxc6 Bxf2+ 20.Kh1 Qf4 21.Nxd8 Rxd8
22.Re2 Be3 23.Qb3 Rxd2 24.Rxd2 Bxd2 25.Qxf7 Bc1 26.Kg1 Qe3+ 27.Kf1 Qd3+  0-1

[Event "North American Open"]
[Site "Las Vegas USA"]
[Date "2003.12.28"]
[Round "3"]
[White "Markzon,G"]
[Black "Mulyar,M"]
[Result "1/2-1/2"]
[WhiteElo "2281"]
[BlackElo "2424"]

1.e4 e5 2.Nf3 Nc6 3.Bb5 a6 4.Ba4 Nf6 5.O-O b5 6.Bb3 Bb7 7.d3 Be7 8.Re1 O-O
9.Nbd2 Re8 10.Nf1 Bf8 11.Bg5 h6 12.Bh4 Nd4 13.Ne3 Nxb3 14.axb3 d6 15.Qd2 Bc8
16.c4 c6 17.Bxf6 Qxf6 18.cxb5 cxb5 19.Nd5 Qd8 20.Rec1 Ra7 21.Qe3 Rb7 22.Rxa6 Be6
23.Rac6 Bxd5 24.exd5 b4 25.Qe4 Qa5 26.g4 Qa2 27.g5 Qxb3 28.gxh6 g6 29.Rc8 Rb8
30.R8c7 Bxh6 31.R1c2 Bf4 32.Nh4 Re7 33.Kg2 Rxc7 34.Rxc7 Qd1 35.Nf3 Ra8 36.Qxb4 Ra1
37.Qb8+ Kg7 38.Rxf7+ Kxf7 39.Qc7+ Kg8 40.Qd8+ Kh7 41.Qe7+  1/2-1/2

[Event "ch-Commonwealth"]
[Site "Mumbai IND"]
[Date "2004.01.10"]
[Round "1"]
[White "Gopal,G"]
[Black "Gokhale,C"]
[Result "0-1"]
[WhiteElo "2233"]
[BlackElo "2372"]

1.e4 e5 2.Nf3 Nc6 3.Bb5 a6 4.Ba4 Nf6 5.O-O b5 6.Bb3 Bb7 7.Re1 Bc5 8.c3 d6
9.d4 Bb6 10.Be3 O-O 11.Nbd2 h6 12.h3 Re8 13.Qb1 Rc8 14.a4 Nb8 15.Bc2 Nbd7
16.b4 c6 17.c4 Bc7 18.axb5 axb5 19.cxb5 cxb5 20.Bd3 Rb8 21.dxe5 dxe5 22.Ba7 Ra8
23.Bxb5 Re7 24.Bc5 Nxc5 25.bxc5 Rxa1 26.Qxa1 Ba5 27.Rd1 Qc7 28.c6 Bc8 29.Nc4 Bb4
30.Ncxe5 Nxe4 31.Qd4 Nc3 32.Qd8+ Kh7 33.Bd3+ g6 34.Qxc7 Rxc7 35.Ra1 Be6 36.h4 Kg7
37.Nd4 Bd5 38.h5 Bd6 39.Re1 Re7 40.Nef3 Bxf3 41.Rxe7 Bxe7 42.gxf3 Nd5 43.hxg6 fxg6
44.Ne6+ Kf6 45.c7 Nb6 46.Nf4 Bd6 47.Nd5+ Ke5 48.Nxb6 Bxc7 49.Nd7+ Kd6 50.Nf6 Ke5  0-1

[Event "GMB"]
[Site "Wijk aan Zee NED"]
[Date "2004.01.10"]
[Round "1"]
[White "Stellwagen,D"]
[Black "Van der Wiel,J"]
[Result "1/2-1/2"]
[WhiteElo "2489"]
[BlackElo "2542"]

1.e4 e5 2.Nf3 Nc6 3.Bb5 a6 4.Ba4 Nf6 5.O-O b5 6.Bb3 Bb7 7.d3 Be7 8.a4 O-O
9.Re1 d6 10.Nbd2 Re8 11.c3 h6 12.Ba2 Qd7 13.Nh4 Bf8 14.h3 Nd8 15.Nf1 Ne6
16.Nf5 d5 17.Qf3 Nc5 18.N1g3 Re6 19.a5 Rd8 20.Kh2 Kh7 21.Rb1 g6 22.Nxh6 Bxh6
23.Bxh6 Nxd3 24.Qxd3 Kxh6 25.Qe3+ Kg7 26.Qg5 Kf8 27.Rbd1 Qe7 28.Re3 Ke8 29.Rde1 Nxe4
30.Nxe4 dxe4 31.Qh6 Rf6 32.Bb1 Rxf2  1/2-1/2

[Event "TCh-FRA Nat1 GpA"]
[Site "Nancy FRA"]
[Date "2004.01.31"]
[Round "2"]
[White "Muller,A"]
[Black "Fruteau,S"]
[Result "1-0"]
[WhiteElo "2227"]
[BlackElo "2120"]

1.e4 e5 2.Nf3 Nc6 3.Bb5 a6 4.Ba4 Nf6 5.O-O b5 6.Bb3 Bb7 7.d3 Bd6 8.a4 O-O
9.Nc3 b4 10.Ne2 Na5 11.Ba2 h6 12.Ng3 Re8 13.Nf5 Bf8 14.Re1 c5 15.Nd2 Bc6
16.Qf3 d5 17.exd5 Bxd5 18.Bxd5 Nxd5 19.Ne4 Re6 20.Bd2 Rc8 21.Qg3 Rg6 22.Qf3 c4
23.Rad1 c3 24.bxc3 Nxc3 25.Bxc3 bxc3 26.d4 exd4 27.Rxd4 Qc7 28.Rd3 Bb4 29.Red1 Nc4
30.Qe2 Nb2 31.Rd7 Qf4 32.Rd8+ Rxd8 33.Rxd8+ Kh7 34.Nd4 Nxa4 35.g3 Qc7 36.Re8 Qd7
37.Nf3 Re6 38.Nfg5+ hxg5 39.Qh5+  1-0

[Event "Gibraltar Masters"]
[Site "Catalan Bay ENG"]
[Date "2004.02.03"]
[Round "8"]
[White "Shaw,J"]
[Black "Krutika,N"]
[Result "1-0"]
[WhiteElo "2465"]
[BlackElo "2159"]

1.e4 e5 2.Nf3 Nc6 3.Bb5 a6 4.Ba4 Nf6 5.O-O b5 6.Bb3 Bb7 7.c3 Nxe4 8.d4 Na5
9.Nxe5 Nxb3 10.Qxb3 Nd6 11.Qd1 Qh4 12.a4 Be7 13.axb5 axb5 14.Rxa8+ Bxa8 15.Re1 Bd5
16.Nd2 f6 17.Nd3 f5 18.Qe2 Kd8 19.Nf3 Qe4 20.Qf1 Qg4 21.Nfe5 Qh4 22.g3 Qf6
23.Nc5 g5 24.Ncxd7 Qh6 25.Nb8 Bf6 26.Nbc6+ Kc8 27.Nb4 Bb7 28.Nec6 Qg7 29.Na7+ Kb8
30.Nxb5 Qd7 31.Nxd6 Qxd6 32.Qb5 f4 33.d5 fxg3 34.hxg3 Qb6 35.Qxb6 cxb6 36.Re6 Bd8
37.Be3 Ka7 38.Rh6  1-0